| 000 | 00372pab a2200145 454500 | ||
|---|---|---|---|
| 008 | 180718b1984 xxu||||| |||| 00| 0 eng d | ||
| 100 | _aKessel, John H. | ||
| 245 | _aThe structures of the Reagan White House | ||
| 260 | _c1984 | ||
| 300 | _a231-58 | ||
| 362 | _aMay | ||
| 650 | _aPresidents - U.S.A. | ||
| 773 | _aAmerican Journal of Political Science | ||
| 909 | _a15981 | ||
| 999 |
_c15981 _d15981 |
||